000 002920000a22000970004500
100 1 _aNa'aman, Nadav
245 1 0 _aLiterary and topographical notes on the battle of kishon (Judges 4-5)
300 _aVol. 40, Num. 4 (Octubre, 1990), Páginas 423-436
773 0 _tVetus Testamentum
942 _cANA
999 _c57636
_d57636